000 00277nam a22001217a 4500
008 170601b xxu||||| |||| 00| 0 eng d
041 _aeng
080 _a93
100 _a17
101 _aSHH
245 _aTHE LIFE AND LABOR IN THE OLD SOUTH
_cPHILLIPS, U.B
942 _2udc
_cBK
999 _c15393
_d15393